Kursus persiapan perkawinan. (Record no. 89388)

MARC details
000 -LEADER
fixed length control field 00506cam a22001931a 4500
001 - CONTROL NUMBER
control field sa 68020377
003 - CONTROL NUMBER IDENTIFIER
control field DLC
005 - DATE AND TIME OF LATEST TRANSACTION
control field 20260227112724.0
008 - FIXED-LENGTH DATA ELEMENTS--GENERAL INFORMATION
fixed length control field 830328s1964 io a 000 0 ind
010 ## - LIBRARY OF CONGRESS CONTROL NUMBER
LC control number sa 68020377
035 ## - SYSTEM CONTROL NUMBER
System control number (OCoLC)9351423
040 ## - CATALOGING SOURCE
Original cataloging agency DLC
Transcribing agency OAU
Modifying agency DLC
042 ## - AUTHENTICATION CODE
Authentication code premarc
050 00 - LIBRARY OF CONGRESS CALL NUMBER
Classification number HQ10
Item number .K86
245 10 - TITLE STATEMENT
Title Kursus persiapan perkawinan.
260 ## - PUBLICATION, DISTRIBUTION, ETC.
Place of publication, distribution, etc. Semarang :
Name of publisher, distributor, etc. Utusan Pastoran Kebondalem,
Date of publication, distribution, etc. [1964?]
300 ## - PHYSICAL DESCRIPTION
Extent 235 p. :
Other physical details ill.,
Dimensions 22 cm.
650 #0 - SUBJECT ADDED ENTRY--TOPICAL TERM
Topical term or geographic name entry element Marriage counseling.

No items available.

Powered by Koha